Computer-aided electronic circuit board design and fabrication (Record no. 38211)

MARC details
000 -LEADER
fixed length control field 00782nam a2200193 a 4500
008 - FIXED-LENGTH DATA ELEMENTS--GENERAL INFORMATION
fixed length control field 120416s1996 ||||||||||||||||| || u
020 ## - INTERNATIONAL STANDARD BOOK NUMBER
International Standard Book Number 0130320951
050 ## - LIBRARY OF CONGRESS CALL NUMBER
Classification number TK 7868.P7 Hos
100 ## - MAIN ENTRY--PERSONAL NAME
Personal name Hossain, Akram
245 10 - TITLE STATEMENT
Title Computer-aided electronic circuit board design and fabrication
246 ## - VARYING FORM OF TITLE
Title proper/short title using OrCAD/SDT and OrCAD/PCB software tools
260 ## - PUBLICATION, DISTRIBUTION, ETC.
Place of publication, distribution, etc. Upper Saddle River, N.J.
Name of publisher, distributor, etc. FT Prentice-Hall
Date of publication, distribution, etc. 1996
300 ## - PHYSICAL DESCRIPTION
Extent xv, 489p. : ill.
350 ## - PRICE (NR) (BK AM CF MU VM SE) [OBSOLETE]
Price 0.00
650 ## - SUBJECT ADDED ENTRY--TOPICAL TERM
Topical term or geographic name entry element CAD/CAM SYSTEMS
650 ## - SUBJECT ADDED ENTRY--TOPICAL TERM
Topical term or geographic name entry element COMPUTER-AIDED DESIGN
650 ## - SUBJECT ADDED ENTRY--TOPICAL TERM
Topical term or geographic name entry element Printed circuits - Design and construction - Data processing
995 ## - RECOMMENDATION 995 [LOCAL, UNIMARC FRANCE]
-- 0.00
-- CBU-MAIN LIBRARY (Kitwe)
-- 1
-- 27.95
-- 1
-- AVAILABLE
-- Apr 19, 2007
-- Main Library Open Access Collection
Holdings
Withdrawn status Lost status Source of classification or shelving scheme Damaged status Not for loan Home library Current library Shelving location Date acquired Total Checkouts Full call number Barcode Date last seen Price effective from Koha item type
          CBU-MAIN LIBRARY, KITWE. CBU-MAIN LIBRARY, KITWE.   11/30/2022   TK 7868.P7 Hos 40465 11/30/2022 11/30/2022 MONOGRAPH